Từ điển Anh- Việt hiện đại = Modern English - Vietnamese Dictionary :
Gardado en:
| Autor Principal: | |
|---|---|
| Formato: | Sách giấy |
| Idioma: | English Vietnamese |
| Publicado: |
Hà Nội :
Đai học và Giáo dục Chuyên nghiệp,
1992.
|
| Những chủ đề: | |
| Các nhãn: |
Engadir etiqueta
Sen Etiquetas, Sexa o primeiro en etiquetar este rexistro!
|
| Thư viện lưu trữ: | Thư viện Trường Đại học Đà Lạt |
|---|
| LEADER | 00813nam a2200289 4500 | ||
|---|---|---|---|
| 001 | DLU020004263 | ||
| 005 | ##19990602 | ||
| 040 | # | # | |a DLU |b vie |
| 041 | # | # | |a eng |a vie |
| 044 | # | # | |a vn |
| 082 | # | # | |a 423.959 22 |b BU-P |
| 100 | # | # | |a Bùi Phụng. |
| 245 | # | # | |a Từ điển Anh- Việt hiện đại = |b Modern English - Vietnamese Dictionary : |b 36.000 từ / |c Bùi Phụng. |
| 260 | # | # | |a Hà Nội : |b Đai học và Giáo dục Chuyên nghiệp, |c 1992. |
| 300 | # | # | |a 796 tr. ; |c 20 cm. |
| 650 | # | # | |a Tiếng Anh |v Từ điển |x Tiếng Việt. |
| 650 | # | # | |a Tiếng Việt |v Từ điển |x Tiếng Anh. |
| 992 | # | # | |a 34800 |
| 994 | # | # | |a DLU |
| 998 | # | # | |a TK |
| 900 | # | # | |a False |
| 911 | # | # | |a Administrator |
| 925 | # | # | |a G |
| 926 | # | # | |a A |
| 927 | # | # | |a SH |
| 980 | # | # | |a Thư viện Trường Đại học Đà Lạt |